Welcome to CU Library Online Public Access Catalogue (OPAC)

Auditing : (Record no. 612)

MARC details
000 -LEADER
fixed length control field 00557nam a22001697a 4500
005 - DATE AND TIME OF LATEST TRANSACTION
control field 20241104203142.0
008 - FIXED-LENGTH DATA ELEMENTS--GENERAL INFORMATION
fixed length control field 241104b |||||||| |||| 00| 0 eng d
020 ## - INTERNATIONAL STANDARD BOOK NUMBER
International Standard Book Number 9780070660281
050 ## - LIBRARY OF CONGRESS CALL NUMBER
Classification number HF5667
100 ## - MAIN ENTRY--PERSONAL NAME
Personal name Batra, Vijay K.
245 ## - TITLE STATEMENT
Title Auditing :
Remainder of title As per the latest syllabus of B.Com Course of University of Delhi
Statement of responsibility, etc. Vijay K. Batra
260 ## - PUBLICATION, DISTRIBUTION, ETC.
Place of publication, distribution, etc. New Delhi
Name of publisher, distributor, etc. Tata McGraw-Hill Publishing Company Ltd
Date of publication, distribution, etc. c2008
300 ## - PHYSICAL DESCRIPTION
Extent xiii, 178 pages
Other physical details Illustrations
Dimensions 23cm
500 ## - GENERAL NOTE
General note The McGraw-Hill Companies
650 ## - SUBJECT ADDED ENTRY--TOPICAL TERM
Source of heading or term Auditing
Topical term or geographic name entry element India
942 ## - ADDED ENTRY ELEMENTS (KOHA)
Source of classification or shelving scheme Library of Congress Classification
Koha item type Books
Suppress in OPAC No
999 ## -
-- 612
-- 612
Holdings
Withdrawn status Lost status Source of classification or shelving scheme Damaged status Not for loan Collection Home library Current library Shelving location Date acquired Total checkouts Full call number Barcode Date last seen Copy number Price effective from Koha item type Public note
    Library of Congress Classification     Non-fiction Business Library (Miotso) Business Library (Miotso) Reference 11/04/2024   HF5667 BAT bssm00000131 11/04/2024 1 11/04/2024 Books  
    Library of Congress Classification     Non-fiction Graduate Library (Christ Temple) Graduate Library (Christ Temple) General stacks 02/23/2026   HF5667 BAT GSCT00002866 02/23/2026 1 02/23/2026 Books EAQ
    Library of Congress Classification     Non-fiction Graduate Library (Christ Temple) Graduate Library (Christ Temple) General stacks 02/23/2026   HF5667 BAT GSCT00002867 02/23/2026 2 02/23/2026 Books EAQ
© 2023-2024 Copyright: Central University Libraries. All Rights Reserved | Created by: Mahone Tech Office